[Event "11. OSEM SH 2017"]
[Site "Büsum"]
[Date "2017.09.16"]
[Round "9.1"]
[White "Ackermann, Hans Werner"]
[Black "Hess, Christian Mathias"]
[Result "1/2-1/2"]
[BlackElo "2238"]
[BlackTeam "FC ST.Pauli"]
[WhiteElo "2295"]
[WhiteTeam "SC Hansa Dortmund"]

1. Nf3 Nf6 2. b3 g6 3. Bb2 Bg7 4. c4 O-O  5. e3 d6 6. d4 Nbd7 7. Be2 e5 8.
O-O  Re8 9. Nc3 e4 10. Nd2 Nf8 11. b4 h5 12. Re1 Bf5 13. Nf1 N8h7 14. f3 h4
15. a4 Qd7 16. b5 Rab8 17. Ra2 exf3 18. Bxf3 Ng5 19. Bc1 Nxf3+ 20. gxf3 d5 21.
cxd5 Nxd5 22. Nxd5 Qxd5 23. Rd2 Bh3 24. Rf2 Rbd8 25. Kh1 Re6 26. e4 Qh5 27. d5
Ree8 28. Ne3 c6 29. Bb2 Bxb2 30. Rxb2 cxd5 31. Nxd5 Rxd5 32. exd5 Qxf3+ 33. Kg1
Rxe1+ 34. Qxe1 Qg4+ 35. Kh1 Qf3+ 36. Kg1 Qg4+ 37. Kh1  1/2-1/2

[Event "11. OSEM SH 2017"]
[Site "Büsum"]
[Date "2017.09.16"]
[Round "9.2"]
[White "Hassenrück, Helmut"]
[Black "Baum, Bernd, Dr."]
[Result "1/2-1/2"]
[BlackElo "2268"]
[BlackTeam "SC Fulda"]
[WhiteElo "2167"]
[WhiteTeam "SG-Gladbeck"]

1. d4 d5 2. Nf3 c6 3. c4 e6 4. Nbd2 f5 5. g3 Nd7 6. Bg2 Bd6 7. O-O  Nh6 8.
b3 O-O  9. Bb2 Qf6 10. e3 Nf7 11. Ne1 Qh6 12. Nd3 Nf6 13. Nf3 g5  1/2-1/2

[Event "11. OSEM SH 2017"]
[Site "Büsum"]
[Date "2017.09.16"]
[Round "9.3"]
[White "Van den Berg, Ad"]
[Black "Schumacher, Gottfried"]
[Result "1/2-1/2"]
[BlackElo "2273"]
[BlackTeam "HTC Bad Neuenahr"]
[WhiteElo "2237"]
[WhiteTeam "Aas Alsmeer"]

1. Nf3 c5 2. e4 e6 3. b3 Nc6 4. Bb2 Nf6 5. e5 Nd5 6. Bb5 Qc7 7. O-O  Be7 8.
Re1 O-O  9. Bxc6 Qxc6 10. d4 Nf4 11. g3 Nh3+ 12. Kg2 Ng5 13. h4 Nxf3 14.
Qxf3 Qxf3+ 15. Kxf3 f6 16. Kg2 b6 17. f4 Bb7+ 18. Kh2 cxd4 19. Bxd4 fxe5 20.
Bxe5 h6 21. Nd2 g5 22. Ne4 Kh7 23. Bd6 Bxd6 24. Nxd6 Bc6 25. Rf1 gxh4 26. g4
Rf6 27. Rae1 Rg8 28. Kh3 Rgf8  1/2-1/2

[Event "11. OSEM SH 2017"]
[Site "Büsum"]
[Date "2017.09.16"]
[Round "9.5"]
[White "Knaak, Joachim"]
[Black "Szenetra, Werner"]
[Result "0-1"]
[BlackElo "2148"]
[BlackTeam "SV Berenbostel"]
[WhiteElo "2129"]
[WhiteTeam "SV Dresden-Leuben"]

1. d4 g6 2. c4 Bg7 3. Nc3 d6 4. e4 Nc6 5. Be3 e5 6. d5 Nce7 7. Bd3 f5 8. Nf3 Nf6
9. h3 O-O  10. Qc2 fxe4 11. Nxe4 Nf5 12. Bg5 Qe8 13. Bxf6 Bxf6 14. O-O 
b6 15. b4 a5 16. a3 Bb7 17. Rfe1 Qd8 18. Nxf6+ Qxf6 19. Be4 Rfe8 20. Qd2 Kg7
21. Rac1 Re7 22. Rc3 axb4 23. axb4 Nd4 24. Nxd4 exd4 25. Rd3 Ra4 26. f3 Ba6 27.
b5 Bc8 28. Qc2 Ra5 29. Red1 Qg5 30. Qd2 Qxd2 31. R1xd2 Bd7 32. Rxd4 Ra4 33. Kf2
Re8 34. g4 g5 35. Bc2 Rb4 36. Bd1 Ra8 37. Re4 Re8 38. Rxe8 Bxe8 39. Be2 Ra4 40.
Ke3 Kf6 41. Bd1 Rxc4  0-1

[Event "11. OSEM SH 2017"]
[Site "Büsum"]
[Date "2017.09.16"]
[Round "9.6"]
[White "Achenbach, Manfred"]
[Black "Oechslein, Rainer"]
[Result "1/2-1/2"]
[BlackElo "2294"]
[BlackTeam "SK Schweinfurt"]
[WhiteElo "2083"]
[WhiteTeam "SC Mülheim"]

1. Nf3 g6 2. c4 Bg7 3. d4 d6 4. g3 Nf6 5. Bg2 O-O  6. O-O  Nc6 7. Nc3 a6
8. e4 Rb8 9. h3 Na5 10. b3 c5 11. Be3 b5 12. cxb5 axb5 13. e5 dxe5 14. dxe5 Nd7
15. Rc1 e6 16. Bf4  1/2-1/2

[Event "11. OSEM SH 2017"]
[Site "Büsum"]
[Date "2017.09.16"]
[Round "9.7"]
[White "Bartsch, Berthold"]
[Black "Bohnstorff, Michael"]
[Result "1-0"]
[BlackElo "2065"]
[BlackTeam "SC Lüneburg"]
[WhiteElo "2259"]
[WhiteTeam "SC Forchheim"]

1. Nc3 d5 2. e4 c6 3. g3 dxe4 4. Nxe4 Bf5 5. Bg2 Nd7 6. Qe2 e6 7. Nf3 Bxe4 8.
Qxe4 Ngf6 9. Qe2 Qa5 10. O-O  Be7 11. d4 O-O  12. c4 Rfe8 13. h3 Rad8
14. Be3 Qc7 15. Rfd1 Nf8 16. a3 a5 17. Rab1 a4 18. Qc2 Ra8 19. Rd2 N8d7 20.
Rbd1 Rec8 21. Re2 Bf8 22. Nd2 e5 23. dxe5 Qxe5 24. Nb1 Qa5 25. Nc3 Re8 26. Red2
Nc5 27. Qf5 Ne6 28. Qf3 Bc5 29. Bf4 Nxf4 30. Qxf4 h6 31. h4 Re7 32. g4 Rae8 33.
Bf3 Re5 34. Kg2 Bxa3 35. bxa3 Qxc3 36. Rd8 Qa5 37. Rxe8+ Rxe8 38. Rb1 Qe5 39.
Qxe5 Rxe5 40. Rxb7 c5 41. Ra7 Ne4 42. Rxa4 Nd2 43. Ra8+ Kh7 44. Bd5  1-0

[Event "11. OSEM SH 2017"]
[Site "Büsum"]
[Date "2017.09.16"]
[Round "9.8"]
[White "Hanisch, Friedrich"]
[Black "Postler, Reinhard"]
[Result "1/2-1/2"]
[BlackElo "2221"]
[BlackTeam "TSG Oberschöneweide"]
[WhiteElo "2081"]
[WhiteTeam "SV Lauf"]

1. d4 Nf6 2. Nf3 c5 3. d5 e6 4. c4 exd5 5. cxd5 d6 6. Nc3 g6 7. g3 Bg7 8. Bg2
O-O  9. O-O  a6 10. a4 Bg4 11. Nd2 Ne8 12. h3 Bc8 13. Nc4 Nd7 14. a5
Rb8 15. Na4 Ne5 16. Nxe5 Bxe5  1/2-1/2

[Event "11. OSEM SH 2017"]
[Site "Büsum"]
[Date "2017.09.16"]
[Round "9.9"]
[White "Strobel, Walter"]
[Black "Leiber, Bernard"]
[Result "1-0"]
[BlackElo "2074"]
[BlackTeam "SV Osnabrück"]
[WhiteElo "2189"]
[WhiteTeam "SK Klingenberg"]

1. e4 c5 2. Nf3 a6 3. c3 d5 4. exd5 Qxd5 5. d4 Nc6 6. Be3 cxd4 7. cxd4 e6 8.
Nbd2 Nf6 9. Bc4 Qd8 10. O-O  Be7 11. Rc1 Nb4 12. Ne5 Nbd5 13. Bd3 Bd7 14.
Qb3 b5 15. Ndf3 O-O  16. Nxd7 Qxd7 17. Ne5 Qb7 18. a3 Rfc8 19. Bb1 Bf8 20.
Qd3 g6 21. Bg5 Nh5 22. Qf3 Bg7 23. g4 Nhf6 24. Bd2 Ne8 25. Rfd1 Nd6 26. b3 Rxc1
27. Rxc1 Rc8 28. Re1 Qa7 29. Qd3 Qe7 30. Nf3 Qf6 31. Bg5 Nf4 32. Qf1  1-0

[Event "11. OSEM SH 2017"]
[Site "Büsum"]
[Date "2017.09.16"]
[Round "9.11"]
[White "Lotzien, Hans"]
[Black "Zimmermann, Manfred"]
[Result "1-0"]
[BlackElo "1949"]
[BlackTeam "Kieler SG"]
[WhiteElo "2126"]
[WhiteTeam "Godesberger SK"]

1. e4 c5 2. Nc3 Nc6 3. Bc4 g6 4. Nge2 Bg7 5. O-O  e6 6. d3 a6 7. a4 Nge7 8.
Bg5 Nd4 9. Nxd4 cxd4 10. Ne2 d6  11. a5 Qc7  12. Bb3 O-O 13. Qd2 Nc6
14. f4 Kh8 15. f5 exf5 16. exf5 Bxf5 17. Bh6 Be6 18. Bxg7+ Kxg7 19. Bc4 Rae8
20. Nf4 Qd7 21. Rae1 d5 22. Bb3 Ne7 23. Qb4 Nc6 24. Qc5 Rd8 25. Ba4 Qd6 26. Qb6
Qb4 27. Bxc6 Qxb6 28. axb6 bxc6 29. Rxe6  1-0

[Event "11. OSEM SH 2017"]
[Site "Büsum"]
[Date "2017.09.16"]
[Round "9.12"]
[White "Kliewe, Hans-Jürgen"]
[Black "Biller, Helmut, Dr."]
[Result "1-0"]
[BlackElo "2084"]
[BlackTeam "SF Frankfurt"]
[WhiteElo "2037"]
[WhiteTeam "ASV Wismar"]

1. d4 d5 2. Bf4 c5 3. c3 Qb6 4. Qc1 Nc6 5. e3 Bf5 6. Nf3 Nf6 7. Nbd2 h6 8. h3 e6
9. Be2 Be7 10. O-O  O-O  11. Nb3 c4 12. Nbd2 Qd8 13. Ne5 Nxe5 14. dxe5
Nd7 15. e4 Bg6 16. exd5 exd5 17. Rd1 b5 18. Nf3 Nc5 19. Nd4 Qd7 20. b4 Nd3 21.
Bxd3 Bxd3 22. Qe3 Rfe8 23. Re1 Bf8 24. Qg3 Kh8 25. Qg4 Qxg4 26. hxg4 Reb8 27.
a4 bxa4 28. Rxa4 Rb7 29. Ra5 Rd7 30. Rea1 Kg8 31. g3 Bg6 32. Be3 h5 33. g5 Be7
34. f4 Be4 35. Nc6 Kf8 36. b5 Rc8 37. Bd4 Ke8 38. Nxa7 Rb8 39. Nc6 Rbb7 40.
Ra8+ Bd8 41. b6 g6 42. R1a7 Rxa7 43. bxa7  1-0

[Event "11. OSEM SH 2017"]
[Site "Büsum"]
[Date "2017.09.16"]
[Round "9.13"]
[White "Andersen, Knut"]
[Black "Engbrecht, Helmut"]
[Result "0-1"]
[BlackElo "1981"]
[BlackTeam "SV Schorndorf"]
[WhiteElo "2108"]
[WhiteTeam "SF Buer"]

1. d4 d5 2. Bf4 Nf6 3. e3 Nc6 4. Nf3 e6 5. Nbd2 Bd6 6. Ne5 Bxe5 7. dxe5 Nd7 8.
Bb5 O-O  9. Bxc6 bxc6 10. Nf3 Ba6 11. Nd4 Qb8 12. Rb1 c5 13. Ne2 c6 14. Qd2
Qb5 15. h4 Qxe2+ 16. Qxe2 Bxe2 17. Kxe2 a5 18. h5 h6 19. Bg3 Rfb8 20. f4 Rb7
21. Be1 a4 22. Bc3 c4 23. Kf3 Nc5 24. Bd4 Ne4 25. b4 axb3 26. axb3 Nd2+ 27. Ke2
Nxb1 28. Rxb1 cxb3 29. Rxb3 Rxb3 30. cxb3 Rb8  0-1

[Event "11. OSEM SH 2017"]
[Site "Büsum"]
[Date "2017.09.16"]
[Round "9.14"]
[White "Lehmann, Erwin"]
[Black "Rüberg, Jobst"]
[Result "0-1"]
[BlackElo "2130"]
[BlackTeam "SV Ahlen"]
[WhiteElo "2015"]
[WhiteTeam "Ahrensburger TSV"]

1. c4 b6 2. Nc3 Bb7 3. e4 c5 4. g3 Nf6 5. Bg2 e6 6. Nge2 a6 7. d3 d6 8. O-O 
Nbd7 9. f4 Qc7 10. a3 Be7 11. h3 Bc6 12. Be3 b5 13. b3 Rb8 14. Qc2 Nb6 15. Rac1
Rc8 16. cxb5 axb5 17. d4 Qb7 18. Rf2 b4 19. Nb1 Bxe4 20. Qb2 Nbd5 21. Bd2 
O-O  22. dxc5 dxc5 23. axb4 cxb4 24. Rc4 Rxc4 25. bxc4 Nb6 26. Nec3 Bxg2
27. Rxg2 Nxc4 28. Qb3 Nxd2  0-1

[Event "11. OSEM SH 2017"]
[Site "Büsum"]
[Date "2017.09.16"]
[Round "9.15"]
[White "Just, Fred"]
[Black "Meyer, Irmin, Dr."]
[Result "1/2-1/2"]
[BlackElo "2000"]
[BlackTeam "SV Werder Bremen"]
[WhiteElo "2121"]
[WhiteTeam "SV Werder Bremen"]

1. Nf3 Nf6 2. c4 e6 3. g3 b6 4. Bg2 Bb7 5. O-O  c5 6. Nc3 Be7 7. b3 O-O 
8. Bb2 a6 9. d3 d6 10. Qd2 Nc6 11. Rad1 Qc7 12. e4 Rad8 13. Ne2 d5 14. cxd5
exd5 15. e5 Nd7 16. e6 fxe6 17. Nf4 Qd6 18. Qe2 e5 19. Nxd5 Qxd5 20. Qd2 Qd6
21. Ng5 Qg6 22. Bd5+ Kh8 23. Ne6 Rfe8 24. Nxd8 Nxd8 25. Bxb7 Nxb7 26. f4 Bf6
27. Qg2 Nd8 28. Qd5 Qf7 29. Qd6 Qe6 30. Qxe6 Rxe6 31. Rde1 exf4 32. Bxf6 Nxf6
33. gxf4 Kg8 34. Re5 Rd6  1/2-1/2

[Event "11. OSEM SH 2017"]
[Site "Büsum"]
[Date "2017.09.16"]
[Round "9.16"]
[White "Zunker, Reinhard, Dr."]
[Black "Jäke, Wilhelm"]
[Result "1/2-1/2"]
[BlackElo "1983"]
[BlackTeam "Kropper SC"]
[WhiteElo "2103"]
[WhiteTeam "SV Hofheim"]

1. e4 c6 2. Nf3 d5 3. Nc3 Bg4 4. h3 Bxf3 5. Qxf3 e6 6. d3 Nf6 7. g3 Be7 8. Bg2
O-O  9. O-O  a5 10. a3 Na6 11. g4 Nd7 12. d4 Bg5 13. Qd3 Bxc1 14. Raxc1
Nc7 15. Ne2 dxe4 16. Bxe4 Nf6 17. Bg2 Qd6 18. Rfd1 Ncd5 19. Qd2 Rfd8 20. c4 Ne7
21. Qd3 Ng6 22. Nc3 Nf4 23. Bf1 g5  1/2-1/2

[Event "11. OSEM SH 2017"]
[Site "Büsum"]
[Date "2017.09.16"]
[Round "9.17"]
[White "Reinhold, Klaus, Dr."]
[Black "Schulz, Wolfgang"]
[Result "0-1"]
[BlackElo "2101"]
[BlackTeam "Hamburger SK"]
[WhiteElo "2008"]
[WhiteTeam "SC Gronau"]

1. d4 Nf6 2. c4 g6 3. Nc3 Bg7 4. e4 d6 5. Nf3 O-O  6. Be2 Na6 7. O-O  e5
8. Be3 c6 9. h3 Qe7 10. d5 c5 11. a3 Nh5 12. Ne1 Nf4 13. Bxf4 exf4 14. Bf3 Nc7
15. Nd3 g5 16. e5 Bxe5 17. Nxe5 Qxe5 18. Re1 Qf6 19. Qd2 Bf5 20. Re2 Rfe8 21.
Rae1 Rxe2 22. Rxe2 Re8 23. Rxe8+ Nxe8 24. Be4 Bxe4 25. Nxe4 Qe5 26. f3 Kg7 27.
Qc3 Qxc3 28. Nxc3 h6 29. h4 Kf6 30. hxg5+ hxg5 31. Ne4+ Kg6 32. Kf2 f5 33. Nc3
Kf6 34. Ke2 Ke5 35. Kd3 Nf6 36. Ne2 Nd7 37. Kc3 Nf6 38. Nc1 Nh5 39. Nd3+ Kf6
40. b4 b6 41. bxc5 bxc5 42. Kb3 Ng3 43. Ka4 Nf1 44. Ka5 Ne3 45. Nb2 Nxg2 46.
Kb5 g4 47. Ka6 g3 48. Nd3 Ne3 49. Nxf4 Ke5 50. Ne2 g2 51. Kxa7 Nxc4 52. a4 Kxd5
53. Ka6 Kc6  0-1

[Event "11. OSEM SH 2017"]
[Site "Büsum"]
[Date "2017.09.16"]
[Round "9.18"]
[White "Gehrmann, Rudolf-Rainer"]
[Black "Urbanek, Paul-Gerhard"]
[Result "1/2-1/2"]
[BlackElo "1927"]
[BlackTeam "SF Buxtehude"]
[WhiteElo "2096"]
[WhiteTeam "SV Eutin"]

1. c4 e5 2. Nc3 Nc6 3. g3 Nf6 4. Bg2 Be7 5. Nf3 O-O  6. O-O  h6 7. b3 d6
8. Bb2 Bf5 9. e3 Bd3 10. Ne2 e4 11. Ne1 Ne5 12. Nxd3 Nxd3 13. Bc3 c6 14. f3 d5
15. cxd5 Nxd5 16. fxe4 Nxc3 17. dxc3 Bf6 18. Qc2 Ne5 19. Rad1 Qb6 20. Nd4 Bg5
21. Rde1 c5 22. Nf3 Nxf3+ 23. Rxf3 Rad8 24. c4 Qb4 25. Re2 Rd7 26. Rf5 b6 27.
h4 Rd2 28. Qxd2 Qxd2 29. Rxd2 Bxe3+ 30. Kf1 Bxd2 31. Rd5 Bc3 32. Rd7 Be5 33. g4
a5 34. Ke2 f6 35. Ke3 Rf7 36. Rd5 Bc7 37. h5 Re7 38. a3 Kf7 39. b4 cxb4 40.
axb4 axb4 41. Rb5 Bd6 42. Rd5 Bc5+ 43. Kf4 b3 44. e5 fxe5+ 45. Kf5 Bd4 46. Rd8
Rc7 47. Bd5+ Ke7 48. Rg8 b2 49. Rxg7+ Kd8 50. Rg8+ Ke7  1/2-1/2

[Event "11. OSEM SH 2017"]
[Site "Büsum"]
[Date "2017.09.16"]
[Round "9.19"]
[White "Mertens, Klaus"]
[Black "Bieberle, Gerhart"]
[Result "1/2-1/2"]
[BlackElo "1927"]
[BlackTeam "PTSVAachen"]
[WhiteElo "2084"]
[WhiteTeam "FC Bierstadt"]

1. Nf3 Nf6 2. g3 g6 3. b3 Bg7 4. Bb2 d5 5. Bg2 c5 6. O-O  O-O  7. d4
cxd4 8. Nxd4 Nc6 9. e3 e6 10. Nd2 Nxd4 11. Bxd4 Bd7 12. c4 Bc6 13. Rc1 Qa5 14.
Rc2 Nh5 15. Qa1 Bxd4 16. Qxd4 Rfd8 17. Qe5 Rac8 18. Rfc1 Ng7 19. cxd5 exd5 20.
Ne4 Ne8 21. Nf6+ Nxf6 22. Qxf6 Qb4 23. Qc3 Qxc3 24. Rxc3 Kf8 25. Rc5 Rb8 26.
Rd1 Ke7 27. Bxd5 Bxd5 28. Rdxd5 Rxd5 29. Rxd5 Rc8 30. Ra5 a6 31. h4 h5 32. Kg2
Rc2 33. Kf3 Ke6 34. e4 f6 35. Ke3 Rc1 36. Kf4 Rc3 37. f3 Rc2 38. g4 hxg4 39.
fxg4 Rf2+ 40. Kg3 Re2 41. Kf3 Rh2 42. h5 g5 43. Ra4 Rh3+ 44. Kg2 Rd3 45. Rb4
Rd7 46. a4 Ke5 47. Kf3 Rd3+ 48. Ke2 Rg3 49. Rxb7 Rxg4 50. Re7+ Kd6 51. Ra7
Rxe4+  1/2-1/2

[Event "11. OSEM SH 2017"]
[Site "Büsum"]
[Date "2017.09.16"]
[Round "9.20"]
[White "Niebling, Ferdinand"]
[Black "Lehr, Thomas"]
[Result "1/2-1/2"]
[BlackElo "1922"]
[BlackTeam "Husumer SV"]
[WhiteElo "2059"]
[WhiteTeam "SC Frankfurt-West"]

1. d4 Nf6 2. c4 d6 3. Nc3 c6 4. g3 Qc7 5. Bg2 e5 6. e4 a6 7. Nf3 b5 8. cxb5 axb5
9. Qc2 Na6 10. O-O  Be7 11. Be3 Bb7 12. Rac1 Qb8 13. h3 O-O  14. Rcd1
b4 15. Na4 c5 16. d5 Bc8 17. Nh4 Nh5 18. Nf5 Bxf5 19. exf5 g6 20. Be4 g5 21.
Kh2 Kh8 22. Bd3 Bf6 23. Qe2 Nc7 24. Qxh5 Rxa4 25. Bxg5 Bxg5 26. Qxg5 Qd8 27. f6
Ne8 28. Bb5 Rg8 29. Qxg8+ Kxg8 30. Bxa4 Nxf6 31. f4 e4 32. Rfe1 Qa5 33. Bb3 Qa6
34. Rd2 c4 35. Bc2 Qxa2 36. Bb1 Qa5 37. Bxe4 c3 38. bxc3 bxc3 39. Rde2 Nxe4 40.
Rxe4 Qa2+ 41. R4e2 Qxd5 42. Rc2 Qd3 43. Rec1 d5 44. Rxc3 Qe2+ 45. Kg1 d4 
1/2-1/2

[Event "11. OSEM SH 2017"]
[Site "Büsum"]
[Date "2017.09.16"]
[Round "9.22"]
[White "Rychlik, Kurt"]
[Black "Krebel, Christoph"]
[Result "1-0"]
[BlackElo "2021"]
[BlackTeam "SV Wesel"]
[WhiteElo "1988"]
[WhiteTeam "SV Berenbostel"]

1. Nf3 d5 2. g3 c6 3. Bg2 Bg4 4. O-O  Nd7 5. d3 Ngf6 6. Nbd2 e5 7. h3 Bh5 8.
e4 dxe4 9. dxe4 Bc5 10. c3 O-O  11. Qc2 Re8 12. b4 Bf8 13. Bb2 Qc7 14. a3
c5 15. Rfc1 c4 16. a4 a6 17. a5 b5 18. axb6 Nxb6 19. Ra5 Nfd7 20. Rca1 Qb7 21.
g4 Bg6 22. Nh4 f6 23. Nxg6 hxg6 24. Bc1 Kh7 25. Qa2 Qc6 26. Nf1 Bd6 27. Ne3 Bc7
28. Nd5 Nxd5 29. exd5 Qd6 30. Rxa6 Rxa6 31. Qxa6 Nb6 32. Qb5 Rd8 33. Be3 e4 34.
Bxb6 Bxb6 35. Qxc4 Qf4 36. Ra2 Qc1+ 37. Bf1 e3 38. Re2 exf2+ 39. Kg2 Qg5 40.
Re6 Be3 41. Qd3 Ba7 42. c4 f5 43. Be2 Qf4 44. Qf3 Qc1 45. Bf1 Qg5 46. d6 Rd7
47. c5 Qd2 48. gxf5 Qg5+ 49. Qg4 Qxf5 50. Qxf5 gxf5 51. Kxf2 Kg8 52. Kf3 Rb7
53. c6 Rxb4 54. c7 Rb3+ 55. Kf4 Rc3 56. Re8+  1-0

[Event "11. OSEM SH 2017"]
[Site "Büsum"]
[Date "2017.09.16"]
[Round "9.23"]
[White "Gläser, Wilfried"]
[Black "Meul, Willi"]
[Result "1-0"]
[BlackElo "1938"]
[BlackTeam "SV Hürth-Berrenrath"]
[WhiteElo "2129"]
[WhiteTeam "SK Anderten"]

1. c4 e6 2. Nf3 d5 3. b3 Nf6 4. Bb2 c5 5. e3 Be7 6. g3 b6 7. Bg2 Bb7 8. O-O 
O-O  9. Qe2 Nbd7 10. Rd1 Qc7 11. Nc3 Rac8 12. Rac1 Rfd8 13. cxd5 Nxd5 14.
Nxd5 exd5 15. d4 Bf6 16. dxc5 bxc5 17. Bxf6 Nxf6 18. Rc2 Qb6 19. Rdc1 Ba6 20.
Qd1 Kf8 21. Bh3 Rc7 22. Ne5 Qd6 23. f4 Ne4 24. Bg2 f6 25. Ng4 Qe7 26. Qe1 h5
27. Nf2 Nxf2 28. Qxf2 Bd3 29. Rc3 Be4 30. Bxe4 dxe4 31. Qc2 Rdc8 32. b4 c4 33.
a3 f5 34. Qe2 Qf7 35. Rd1 g6 36. Rd4 Qe6 37. Qd2 Ke7 38. Kf2 Rd7 39. Rxd7+ Qxd7
40. Qxd7+ Kxd7 41. Ke2 Kd6 42. Kd2 a5 43. Rc2 axb4 44. axb4 Ra8 45. Kc3 Ra3+
46. Kxc4 Rxe3 47. Ra2 Re1 48. Ra6+ Kc7 49. Rxg6 Rc1+ 50. Kd4 Rb1 51. Kc5 Rc1+
52. Kd4 Rb1 53. Kc3 Rc1+ 54. Kd2 Rb1 55. Rg5 Rxb4 56. Rxf5 Rb2+ 57. Ke3 Rxh2
58. Kxe4 Kd7 59. Re5 Rh3 60. Rg5 Ke7 61. f5 Kf7 62. Kf4 Rh1 63. Rg6 h4 64. g4
Rf1+ 65. Kg5 h3 66. Rh6 Rf3 67. f6  1-0

[Event "11. OSEM SH 2017"]
[Site "Büsum"]
[Date "2017.09.16"]
[Round "9.24"]
[White "Pamperin, Gerhard"]
[Black "Walther, Reinhard"]
[Result "0-1"]
[BlackElo "2051"]
[BlackTeam "SK Herzogenaurach"]
[WhiteElo "1927"]
[WhiteTeam "SF Schwerin"]

1. d4 c5 2. c4 cxd4 3. Qxd4 Nc6 4. Qd1 Nf6 5. Nf3 g6 6. Nc3 Bg7 7. e3 d6 8. a3
O-O  9. Bd3 Bg4 10. Be2 Rc8 11. O-O  Na5 12. Nd2 Be6 13. b3 d5 14. Bb2
dxc4 15. bxc4 Nxc4 16. Nxc4 Bxc4 17. Bxc4 Rxc4 18. Qb3 Rc6 19. Rfd1 Qc8 20.
Rac1 Qf5 21. h3 Rb6 22. Qa2 Rc8 23. Na4 Rxc1 24. Rxc1 Rd6 25. Bd4 e5 26. Bc5
Rc6 27. Rd1 Qc8 28. Bb4 Bf8 29. Be1 Kg7 30. Qb3 Rc1 31. Nc3 Rxd1 32. Nxd1 b6
33. Nc3 Qc5 34. a4 a6 35. Kf1 Qc6 36. f3 Bc5 37. Ke2 h6 38. Qc4 Qb7 39. g4 Qc6
40. Bd2 Qc8 41. e4 Qb7 42. a5 Bd4 43. axb6 Qxb6 44. Nd1 Qb5 45. Qxb5 axb5 46.
Kd3 Nd7 47. Bb4 Bc5 48. Bc3 f6 49. Nb2 Nf8 50. Kc2 Ne6 51. Nd3 Bd6 52. Kb3 Ng5
53. Ne1 Nxh3 54. Bd2 Bc5 55. Nd3 Be7 56. Be3 h5 57. gxh5 gxh5 58. f4 exf4 59.
Bxf4 Nxf4 60. Nxf4  0-1

[Event "11. OSEM SH 2017"]
[Site "Büsum"]
[Date "2017.09.16"]
[Round "9.25"]
[White "Mikolajewski, Armin"]
[Black "Thieme, Wolfgang"]
[Result "1-0"]
[BlackElo "1939"]
[BlackTeam "SC Bayer Uerdingen"]
[WhiteElo "2047"]
[WhiteTeam "Naumburger SV"]

1. d4 Nf6 2. Nf3 g6 3. c4 Bg7 4. Nc3 d5 5. cxd5 Nxd5 6. e4 Nxc3 7. bxc3 c5 8.
Rb1 O-O  9. Be2 cxd4 10. cxd4 Qa5+ 11. Qd2 Qxd2+ 12. Bxd2 b6 13. Rc1 Bd7
14. O-O  Nc6 15. d5 Ne5 16. Rc7 Rfd8 17. Bg5 Nxf3+ 18. gxf3 Be5 19. Rcc1 f6
20. Be3 Rac8 21. Ba6 Bb2 22. Bxc8 Bxc1 23. Bxd7  1-0

[Event "11. OSEM SH 2017"]
[Site "Büsum"]
[Date "2017.09.16"]
[Round "9.27"]
[White "Gehrmann, Dorit"]
[Black "Heinzel, Peter"]
[Result "0-1"]
[BlackElo "2028"]
[BlackTeam "SC Mülheim"]
[WhiteElo "1920"]
[WhiteTeam "SV Eutin"]

1. e4 c6 2. d4 d5 3. Nc3 dxe4 4. Nxe4 Bf5 5. Ng3 Bg6 6. c3 e6 7. Nf3 Bd6 8. Be3
h6 9. Bd3 Bxd3 10. Qxd3 Nf6 11. Ne4 Nxe4 12. Qxe4 Nd7 13. O-O  Nf6 14. Qc2
Qc7 15. Rfe1 O-O  16. g3 Rad8 17. Kg2 b6 18. Rad1 Rfe8 19. Bc1 c5 20. dxc5
Bxc5 21. Be3 Nd5 22. Bxc5 Qxc5 23. Rd4 Rc8 24. Qd3 b5 25. a3 a6 26. Rg4 Red8
27. Qd4 Qxd4 28. Rxd4 Nb6 29. Rde4 Rd6 30. Nd4 Na4 31. R4e2 Nc5 32. Rd1 Kh7 33.
Kf3 f6 34. Rdd2 Rcd8 35. Rc2 e5 36. Nf5 Rd3+ 37. Kg2 Nb3 38. Kf1 R8d7 39. Ne3
Kg6 40. Kg2 f5 41. Nf1 ( 41. Nd1 Kf6 42. Ne3 h5 43. Re1 Rd2 44. Re2 Rxe2 45.
Rxe2 f4 )41... Kf6 42. Ne3 h5 43. Re1 Rd2 44. Re2 Rxe2 45. Rxe2 g5 46. Rc2 f4
47. gxf4 gxf4 48. Nf1 e4 49. c4 Rc7 50. Rc3 bxc4 51. Rh3 a5 52. Rc3 a4 53. Kg1
Nd4 54. Kg2 Nf3 55. Rc1 Kf5 56. Rd1 Rg7+ 57. Kh3 Rg4 58. Rd5+ Kg6 59. Ng3 Rh4+
60. Kg2 Rxh2+ 61. Kf1 fxg3  0-1

[Event "11. OSEM SH 2017"]
[Site "Büsum"]
[Date "2017.09.16"]
[Round "9.28"]
[White "Limberg, Siegfried"]
[Black "Schirmer, Werner"]
[Result "1-0"]
[BlackElo "1931"]
[BlackTeam "Hamburger SK"]
[WhiteElo "2019"]
[WhiteTeam "SF Taunus"]

1. d4 Nf6 2. Nf3 g6 3. Bg5 Bg7 4. Nbd2 O-O 5. e4 d6 6. Be2 c5 7. c3 Qb6 8. Qc2
cxd4 9. Nxd4 Nc6 10. N4b3 Be6 11. Be3 Qc7 12. O-O  Rac8 13. Nd4 Bd7 14.
Nxc6 bxc6 15. f3 d5 16. Bc5 dxe4 17. Nxe4 Nxe4 18. Qxe4 Bf5 19. Qa4 Rb8 20. Ba3
Rfd8 21. Rad1 Qb6+ 22. Kh1 Qe3 23. Bc4 Rd2 24. Rxd2 Qxd2 25. Qxa7 Be5 26. Qxe7
Qf4 27. Qxf7+ Kh8 28. g3 Qe3 29. Bf8  1-0

[Event "11. OSEM SH 2017"]
[Site "Büsum"]
[Date "2017.09.16"]
[Round "9.29"]
[White "Görtz, Hans"]
[Black "Jünger, Leonhard"]
[Result "1/2-1/2"]
[BlackElo "1833"]
[BlackTeam "Aachener SV"]
[WhiteElo "1998"]
[WhiteTeam "DJK Wacker Bergeborbeck"]

1. d4 d5 2. Nf3 e6 3. g3 f5 4. Bg2 Nf6 5. O-O  c6 6. Nbd2 Bd6 7. c4 O-O 
8. a3 Nbd7 9. b4 Ne4 10. Bb2 Qf6 11. e3 g5 12. Nxe4 fxe4 13. Nd2 Qg7 14. f3
exf3 15. Bxf3 Nf6 16. e4 Be7 17. e5 Ne8 18. Rc1 Bd7 19. Qe2 Nc7 20. Bg4 Rxf1+
21. Rxf1 Rf8 22. Rxf8+  1/2-1/2

[Event "11. OSEM SH 2017"]
[Site "Büsum"]
[Date "2017.09.16"]
[Round "9.30"]
[White "Langmann, Claus"]
[Black "Bondick, Karl-Heinz"]
[Result "1/2-1/2"]
[BlackElo "1991"]
[BlackTeam "USC Magdeburg"]
[WhiteElo "1834"]
[WhiteTeam "Hamburger SK"]

1. d4 d5 2. Nf3 Nf6 3. e3 e6 4. Bd3 Be7 5. Nbd2 O-O  6. b3 b6 7. Bb2 Bb7 8.
Ne5 Nbd7 9. f4 c5 10. O-O  Ne4 11. Nxe4  1/2-1/2

[Event "11. OSEM SH 2017"]
[Site "Büsum"]
[Date "2017.09.16"]
[Round "9.31"]
[White "Quiring, Nikolai"]
[Black "Meinke, Dietlind"]
[Result "1-0"]
[BlackElo "1906"]
[BlackTeam "MTV Leck"]
[WhiteElo "1990"]
[WhiteTeam "SV Rendsburg"]

1. d4 Nf6 2. c4 e6 3. Nc3 Bb4 4. Qd2 d5 5. a3 Bxc3 6. Qxc3 O-O  7. e3 b6 8.
b4 c6 9. Nf3 Nbd7 10. Bd3 Ba6 11. b5 dxc4 12. Bxh7+ Nxh7 13. bxa6 b5 14. a4 Qc7
15. O-O  Ndf6 16. Qc2 Rab8 17. e4 Rfc8 18. e5 Nd5 19. Ng5 Nf8 20. Ne4 Qb6
21. Nc5 Qd8 22. Be3 Nd7 23. Nb7 Qe7 24. Nd6 Rc7 25. axb5 cxb5 26. Ra5 b4 27.
Rb5 Rxb5 28. Nxb5 b3 29. Qb2  N7b6 30. Nxc7 Qxc7 31. Ra1 Nb4 32. Bd2 Nd3
33. Qa3 c3 34. Qxb3 cxd2 35. Qxd3 Qc1+ 36. Qf1 Qc3 37. Rd1 Qxd4 38. Qe2 Nc4 39.
h3 Nxe5 40. Rxd2 Qa4 41. Rd1 Qa5 42. Qe4 Qc7 43. Qb7 Qc5 44. Qe4 Qc7 45. Kh1 
1-0

[Event "11. OSEM SH 2017"]
[Site "Büsum"]
[Date "2017.09.16"]
[Round "9.32"]
[White "Kracht, Helmut"]
[Black "Josting, Friedel"]
[Result "1-0"]
[BlackElo "1884"]
[BlackTeam "SG Bünde"]
[WhiteElo "1979"]
[WhiteTeam "SK Kaltenkirchen"]

1. e4 e6 2. Nc3 c5 3. f4 Nc6 4. Nf3 d6 5. Bb5 a6 6. Bxc6+ bxc6 7. d3 Be7 8. O-O
 Nf6 9. e5 Nd5 10. Ne4 O-O  11. exd6 Bxd6 12. Nxd6 Qxd6 13. Ne5 Rb8 14.
Qe1 f6 15. Nc4 Qe7 16. b3 Rd8 17. Qf2 Nb6 18. Nxb6 Rxb6 19. Be3 Rb8 20. Bxc5
Qb7 21. Rae1 Rd5 22. d4 a5 23. g4 Qf7 24. Re3 Rb7 25. Rfe1 Rd8 26. Qg2 Bd7 27.
a4 Re8 28. h3 h6 29. Qd2 Qg6 30. Qg2 Qf7 31. h4 Kh8 32. h5 f5 33. g5 Rg8 34. g6
Qe8 35. Re5 Qa8 36. Qd2 Re8 37. Ba3 Ra7 38. Rc5 Qd8 39. Qf2 Qf6 40. Bc1 Rea8
41. Bd2 Qd8 42. Ree5 Kg8 43. Qe1 Bc8 44. Kg2 Qxd4 45. Qf2 Qxf2+ 46. Kxf2 Rd7
47. Bc3 Rd5 48. Rxc6 Bd7 49. Rc7 Rxe5 50. Bxe5 Rd8 51. Bc3 Kf8 52. Bxa5 Ke7 53.
Bb4+ Ke8 54. Bc3 Kf8 55. a5 Rc8 56. Be5 Rxc7 57. Bxc7 Bb5 58. c4 Ba6 59. Ke3
Ke7 60. Be5 Kf8 61. b4 Bxc4 62. Kd4 Be2 63. Kc5 Bxh5 64. a6 Bf3 65. b5 Ke7 66.
b6 Kd7 67. b7  1-0